Klasický monetárny model Slovenska

Klasický monetárny model malej otvorenej ekonomiky Slovenska - prezentácia. Charakteristickými črtami klasických monetárnych modelov sú dokonale konkurenčné trhy a flexibilné prispôsobovanie sa miezd a cien. Napriek tomu, že vierohodnosť týchto predpokladov bola vyvrátená pomocou empirických dôkazov...

Full description

Saved in:
Bibliographic Details
Main Author: Horvát, Peter
Format: Book Chapter
Language:Slovak
Subjects:
Tags: Add Tag
No Tags, Be the first to tag this record!

MARC

LEADER 00000nla a2200000 4500
001 0164409
005 20240502072852.8
041 0 |a slo 
044 |a SK 
245 1 0 |a Klasický monetárny model Slovenska  |c Peter Horvát 
520 |a Klasický monetárny model malej otvorenej ekonomiky Slovenska - prezentácia. Charakteristickými črtami klasických monetárnych modelov sú dokonale konkurenčné trhy a flexibilné prispôsobovanie sa miezd a cien. Napriek tomu, že vierohodnosť týchto predpokladov bola vyvrátená pomocou empirických dôkazov, stále dokážu poskytnúť užitočné informácie o správaní sa ekonomiky. 
610 2 0 |a politika menová 
610 2 0 |a modely 
610 2 0 |a Slovensko 
610 2 0 |a cielenie inflácie 
100 1 |a Horvát, Peter